General Competitive Analysis

Guardado en:
Detalles Bibliográficos
Autor principal: Arrow, Kenneth J.
Otros Autores: Hahn, Frank H.
Formato: Libro
Lenguaje:inglés
Publicado: Amsterdam North-Holland 1991
Edición:1. ed., 6. print.
Colección:Advanced Textbooks in Economics Vol. 12
Materias:
Etiquetas: Agregar Etiqueta
Sin Etiquetas, Sea el primero en etiquetar este registro!

MARC

LEADER 00000nam a2200000 4500
001 c012744
005 20221214093654.6
020 |a 0-444-85497-5 
041 0 |a eng 
044 |a NL 
245 1 0 |a General Competitive Analysis  |c Kenneth J. Arrow, Frank H. Hahn 
250 |a 1. ed., 6. print. 
264 1 |a Amsterdam  |b North-Holland  |c 1991 
300 |a 452 s. 
490 1 |a Advanced Textbooks in Economics  |v Vol. 12 
830 0 |a Advanced Textbooks in Economics  |v Vol. 12 
610 2 0 |a konkurencia 
610 2 0 |a analýzy 
610 2 0 |a rovnováha 
610 2 0 |a modely rovnováhy 
610 2 0 |a keynesizmus 
610 2 0 |a algoritmy 
100 1 |a Arrow, Kenneth J. 
700 1 |a Hahn, Frank H.